000 00580nam a2200217Ia 4500
999 _c145
_d145
003 0100
008 130227s9999 xx 000 0 und d
040 _cARRUPELIB
050 _aDT169.K8
100 _aKhum de Prorok, Bryon
_931188
245 _aDigging for lost African gods
245 _bThe record of five years archaeological excavation in North Africa
260 _bG. P. Putnam
_aNew York
_c1973
300 _axv
300 _b 369p 23cm
600 _aFinaughty, William
_931189
650 _bElephant hunting
_zAfrica, Southern
_931190
700 _aAllen, Edgar Fletcher (tr)
_931191
942 _2lcc
_cMONOGRAPH